000 01434cad a22002295a 4500
001 L152265
008 110215e20110212xxk 000 0 eng d
035 _a(Sirsi) u152265
041 0 _aeng
100 1 _aNorman, Paul
245 0 0 _aFocus
_hSurrey
260 _c2011
490 _aEstates Gazette
_v(1106) 12 February 2011, 83-91(8)
520 _aDiscusses how the formation of the Coast-to-Capital Local Enterprise Partnership between Croydon Council, Brighton and Hove Council, the Gatwick Diamond business area and West Sussex County Council will affect future development in Croydon. Retail development schemes in the pipeline include reconfigeration of Allders Department store in the Whitgift Centre in Croydon centred around Allders continuing to occupy half of the existing space and the creation of new retail units whilst plans to extend the Friary Centre Guildford have been put on hold. A round up on take up, availability and rents for offices, industrial and retail in Camberley, Croydon, Epsom, Guildford, Leatherhead, Weybridge and Woking.
590 _aKA
651 4 _aUnited Kingdom
690 _aPROPERTY-COMMERCIAL PROPERTY-COMMERCIAL PROPERTY MARKET
700 1 _aSimmons, Mark
700 1 _aMeadwell, Stacey,
856 4 1 _uhttps://cde.cerosmedia.com/1Z4d5a5e90b9b0a012.cde
_zhttps://cde.cerosmedia.com/1Z4d5a5e90b9b0a012.cde View this item free of charge at www.cde.cerosmedia.com
942 _n0
_2ddc
999 _c82923
_d82923